000 00580nam a22001937a 4500
005 20151120120406.0
010 _aENG-114243
020 _a9788186772553
_c695.00
035 _aEN-97775
037 _bDBAD/PUB
082 _a304.6
100 _aSingh, V.S.
245 _aDemography of human population /
_cby V.S. Singh
260 _aNew Delhi
_bNew Academic Publishers
_c2013
270 _a4760-61,23, Ansari Road Daryaganj
_bNew Delhi
_e110002
300 _a142p.
_c22cm(Hb)
500 _aIncludes bibliographical references
942 _2ddc
_cEN
_mSIN
_h304.6
999 _c97693
_d97693